| 000 | 00831nam a2200229 i 4500 | ||
|---|---|---|---|
| 001 | 139736 | ||
| 003 | ES-MaACL | ||
| 005 | 20240306144903.0 | ||
| 007 | t| | ||
| 008 | 070214s1965 sp r ||||1| spa d | ||
| 100 | 1 |
_aSchnackenburg, Rudolf. _9104543 |
|
| 245 | 1 | 3 |
_aLa iglesia en el Nuevo Testamento / _cRudolf Schnackenburg ; versión española de Carlos Fernández Barberá. |
| 260 |
_aMadrid : _bTaurus, _c1965. |
||
| 300 |
_a236 p. ; _c21 cm. |
||
| 490 | 1 |
_aBiblioteca Taurus de estudios bíblicos ; _v5 |
|
| 630 | 4 |
_aBiblia. _pN.T.- _xCrítica e interpretación _9119291 |
|
| 650 | 4 |
_aIglesia- _xEnseñanza bíblica. _9166609 |
|
| 700 | 0 |
_aBarberá, Carlos F. _925413 |
|
| 830 | 0 |
_aBiblioteca Taurus de estudios bíblicos ; _v5 _9189984 |
|
| 852 |
_aES-MaACL _jC-28049 _bR.57443 |
||
| 999 |
_c139736 _d139736 |
||